000 01113nam0a2200301 4500
001 RU\NLR\BIBL_A\022543861
005 20250806205643.0
035 _a(NLR Aleph) 022543861
090 _a88355
_c88355
100 _a20250519a1943 u y0rusy50 ca
101 0 _aarm
102 _aAM
105 _aa z 000 y
181 0 _ai
_baxxe
182 0 _an
200 1 _aՊատմվածքներ նկարներով
_eկենտրոնական եվ շրջանային խնայողական դրամարկղների եվ պետաշխխայդրամարկղնեի ու պետվարկի վարչությունների համար
_fՆ.Ռադլով
203 _aТекст
_bвизуальный
_cнепосредственный
210 _aԵրեվան
_cՀայպետհրատ
_d1943
215 _a29 с.
_d20х27
541 1 _6z01790
_aРассказы в картинках
_zrus
702 1 _aՌադլով
_bՆ.
_4070
790 1 _6z01541
_aРадлов
_bН.
_4070
942 _cBOOK
945 _aРоссийская национальная библиотека
980 _aNB
980 _aBV
980 _aBV